Stolice państw Indochin - Statystyki

Ogólne statystyki
  • Ten quiz został rozwiązany 78 razy
  • Średni wynik to 3 z 5
Statystyki odpowiedzi
Państwo Odpowiedź % Poprawnych
Wietnam Hanoi
94%
Tajlandia Bangkok
91%
Laos Wientian
71%
Mjanma Naypyidaw
63%
Kambodża Phnom Pehn
17%
Nie znaleziono quizów pasujących do podanych kryteriów
Rozkład punktacji
Procent ludzi z każdym wynikiem
Percentyl według liczby udzielonych odpowiedzi
Twoja historia wyników
Nie rozwiązałeś tego quizu